00669nam a22002057a 450000500170000001000150001702000260003203500140005803700130007208200120008510000230009724500750012025000120019526000460020727000650025330000330031850000590035150000470041070000060045720180813150902.0 aENG-123721 a9780199458301c445.00 aEN-107253 bDBAD/PUB a658.049 aMadhavan, Shobhana aCross-cultural management:cby Shobhana Madhavanbconcepts and cases / a2nd ed. c2016aNew Delhi bOxford University Press aYMCA Library Building, 1 Jai Singh Road,bNew Delhi e110001 c25cm(pbk)axxii,389p. bill. aIt include further reading, index and about the author aOnline Resources for teachers and students a